[Event "2. BUNDESLIGA MITTE 2014/2015"]
[Site "Fuerstenfeld"]
[Date "2015.04.19"]
[Round "11"]
[Board "3"]
[White "Wertjanz, David"]
[Black "Teuschler, Barbara"]
[Result "1/2-1/2"]
[WhiteElo "2242"]
[BlackElo "2174"]
[PlyCount "88"]
[EventDate "2014.10.03"]
[EventType "team"]
[EventRounds "11"]
[EventCountry "AUT"]
[WhiteTeam "SC Die Klagenfurter"]
[BlackTeam "Strassenbahn Graz"]

1. e4 e5 2. Nf3 Nc6 3. Bb5 a6 4. Ba4 Nf6 5. O-O Be7 6. Re1 b5 7. Bb3 d6 8. c3
O-O 9. d4 Bg4 10. Be3 exd4 11. cxd4 Na5 12. Bc2 Nc4 13. Bc1 c5 14. b3 Nb6 15.
Nbd2 Rc8 16. h3 Bh5 17. Bb2 c4 18. bxc4 Nxc4 19. Nxc4 bxc4 20. Bc3 d5 21. e5
Ne4 22. Rxe4 dxe4 23. Bxe4 Qd7 24. d5 Bc5 25. Qc2 Bg6 26. Rd1 Bxe4 27. Qxe4 h6
28. Nh4 Qa4 29. Rd2 Bb4 30. Qd4 Bxc3 31. Qxc3 Qb5 32. Kh2 Rc5 33. Nf5 Qd7 34.
Nxg7 Rxd5 35. Nh5 Rd3 36. Nf6+ Kg7 37. Qxc4 Rxh3+ 38. gxh3 Qxd2 39. Qg4+ Qg5
40. Qd4 Rc8 41. Ne4 Kh7 42. Nf6+ Kg7 43. Ne4 Kh7 44. Nf6+ Kg7 1/2-1/2

[Event "2. BUNDESLIGA MITTE 2014/2015"]
[Site "Fuerstenfeld"]
[Date "2015.04.19"]
[Round "11"]
[Board "4"]
[White "Detter, Peter"]
[Black "Genser, Harald"]
[Result "0-1"]
[WhiteElo "2040"]
[BlackElo "2277"]
[PlyCount "80"]
[EventDate "2014.10.03"]
[EventType "team"]
[EventRounds "11"]
[EventCountry "AUT"]
[WhiteTeam "Strassenbahn Graz"]
[BlackTeam "SC Die Klagenfurter"]

1. Nf3 d5 2. c4 e6 3. g3 dxc4 4. Qa4+ Nd7 5. Bg2 a6 6. Qxc4 b5 7. Qb3 Bb7 8.
O-O Ngf6 9. Nc3 c5 10. d3 Be7 11. a4 b4 12. Nd1 a5 13. Ne3 O-O 14. Nc4 Nb6 15.
Nfe5 Bxg2 16. Kxg2 Qd5+ 17. e4 Qb7 18. Nxb6 Qxb6 19. Be3 Qc7 20. f4 Rfd8 21.
Rac1 Nd7 22. Nxd7 Rxd7 23. Rfd1 Rc8 24. Rd2 Qd8 25. Kf2 e5 26. fxe5 Bg5 27. e6
Bxe3+ 28. Kxe3 Qg5+ 29. Ke2 Qg4+ 30. Ke3 fxe6 31. Rf2 Qg5+ 32. Ke2 Qe5 33. Rf5
Qd6 34. Qc4 h6 35. Rf3 Qe5 36. Rc2 Rd4 37. Qa6 Rcd8 38. Qxa5 Rxd3 39. Rxd3
Qxe4+ 40. Re3 Qxc2+ 0-1

[Event "2. BUNDESLIGA MITTE 2014/2015"]
[Site "Fuerstenfeld"]
[Date "2015.04.19"]
[Round "11"]
[Board "5"]
[White "Titz, Heimo"]
[Black "Teuschler, Hugo"]
[Result "1-0"]
[WhiteElo "2120"]
[BlackElo "2043"]
[PlyCount "91"]
[EventDate "2014.10.03"]
[EventType "team"]
[EventRounds "11"]
[EventCountry "AUT"]
[WhiteTeam "SC Die Klagenfurter"]
[BlackTeam "Strassenbahn Graz"]

1. c4 c5 2. Nf3 Nf6 3. Nc3 Nc6 4. g3 g6 5. Bg2 Bg7 6. O-O O-O 7. d4 cxd4 8.
Nxd4 Qa5 9. Nc2 d6 10. Bd2 Qh5 11. e4 Be6 12. Ne3 Ng4 13. Nxg4 Bxg4 14. f3 Bh3
15. Qc2 Bxg2 16. Kxg2 Rac8 17. Rac1 a6 18. b3 Qa5 19. Na4 Qd8 20. Be3 Bd4 21.
Rfe1 Bxe3 22. Rxe3 Qa5 23. Qc3 Qxc3 24. Nxc3 f5 25. exf5 Rxf5 26. f4 g5 27. Nd5
gxf4 28. Nxf4 Kf7 29. Nd5 Rf8 30. Re2 Kg7 31. Rce1 R8f7 32. Re4 Ne5 33. Rf4
Rxf4 34. Nxf4 Nc6 35. Nd5 Rf5 36. Re2 Kf7 37. h3 e6 38. g4 Re5 39. Rf2+ Ke8 40.
Nf6+ Ke7 41. Nxh7 Nd4 42. h4 Re4 43. Ng5 Re2 44. h5 Rxf2+ 45. Kxf2 Kf6 46. Ne4+
 1-0

[Event "2. BUNDESLIGA MITTE 2014/2015"]
[Site "Fuerstenfeld"]
[Date "2015.04.19"]
[Round "11"]
[Board "6"]
[White "Kainz, Josef"]
[Black "Jakits, Leopold"]
[Result "0-1"]
[WhiteElo "1943"]
[BlackElo "2134"]
[PlyCount "130"]
[EventDate "2014.10.03"]
[EventType "team"]
[EventRounds "11"]
[EventCountry "AUT"]
[WhiteTeam "Strassenbahn Graz"]
[BlackTeam "SC Die Klagenfurter"]

1. d4 Nf6 2. c4 e6 3. Nc3 Bb4 4. e3 d5 5. Bd3 O-O 6. Qc2 c5 7. Nf3 cxd4 8. exd4
dxc4 9. Bxc4 Nc6 10. Be3 a6 11. O-O b5 12. Bd3 Bb7 13. Rad1 Rc8 14. a3 Be7 15.
Qe2 Na5 16. Ne5 Bxa3 17. d5 exd5 18. Bf5 Rxc3 19. bxc3 Qe7 20. Ng4 Re8 21. Qc2
Nxg4 22. Bxg4 Qe4 23. Qa2 Qxg4 24. Qxa3 Nc4 25. Qc5 Nxe3 26. fxe3 d4 27. e4
Qxe4 28. Rf2 dxc3 29. Qxc3 h6 30. h3 Bd5 31. Qa5 Qe6 32. Qd2 Bc4 33. Ra1 Qb6
34. Kh1 Re6 35. Qb2 a5 36. Raf1 Bxf1 37. Rxf1 b4 38. Qc2 Qa6 39. Rd1 Re8 40.
Qc7 Qe2 41. Rd8 Rxd8 42. Qxd8+ Kh7 43. Qxa5 Qd1+ 44. Kh2 Qd6+ 45. Kg1 Qb8 46.
Qd5 Qb6+ 47. Kh1 Qe6 48. Qd3+ g6 49. Qb1 b3 50. Qb2 Qd5 51. Qf6 Qf5 52. Qb2 Qd3
53. Qf6 Kg8 54. Qe5 Qc4 55. Qe8+ Kh7 56. Qe5 Qb4 57. Qb2 Kg8 58. Kh2 Qf4+ 59.
Kg1 Qb4 60. Kh1 Qb6 61. Kh2 Qd6+ 62. Kh1 Qd1+ 63. Kh2 Qc2 64. Qe5 Kh7 65. Qd4
Qf5 0-1

[Event "2. BUNDESLIGA MITTE 2014/2015"]
[Site "Fuerstenfeld"]
[Date "2015.04.19"]
[Round "11"]
[Board "1"]
[White "Felsberger, Alfred"]
[Black "Huber, Martin Christian"]
[Result "1/2-1/2"]
[WhiteElo "2342"]
[BlackElo "2241"]
[PlyCount "60"]
[EventDate "2014.10.03"]
[EventType "team"]
[EventRounds "11"]
[EventCountry "AUT"]
[WhiteTeam "Union Ansfelden"]
[BlackTeam "Schachfreunde Graz"]

1. e4 e5 2. Nf3 Nc6 3. Nc3 Nf6 4. Bb5 Bb4 5. O-O O-O 6. d3 d6 7. Bg5 Bxc3 8.
bxc3 Qe7 9. Re1 Nd8 10. d4 Bg4 11. h3 Bh5 12. Bd3 Re8 13. Rb1 c6 14. g4 Bg6 15.
Nd2 Ne6 16. Be3 h6 17. f3 Nh7 18. Kg2 b6 19. Rh1 Qf6 20. h4 Nhf8 21. Nc4 Rad8
22. Qd2 Nf4+ 23. Bxf4 Qxf4 24. Qxf4 exf4 25. h5 Bh7 26. Rbe1 Ne6 27. a4 Nc7 28.
e5 Bxd3 29. cxd3 dxe5 30. Nxe5 Re6 1/2-1/2

[Event "2. BUNDESLIGA MITTE 2014/2015"]
[Site "Fuerstenfeld"]
[Date "2015.04.19"]
[Round "11"]
[Board "2"]
[White "Schnider, Gert"]
[Black "Moser, Guenter"]
[Result "1/2-1/2"]
[WhiteElo "2338"]
[BlackElo "2352"]
[PlyCount "61"]
[EventDate "2014.10.03"]
[EventType "team"]
[EventRounds "11"]
[EventCountry "AUT"]
[WhiteTeam "Schachfreunde Graz"]
[BlackTeam "Union Ansfelden"]

1. d4 d5 2. c4 e6 3. Nc3 Nf6 4. Bg5 Be7 5. e3 c6 6. Nf3 Nbd7 7. Bd3 O-O 8. O-O
Re8 9. Qc2 Nf8 10. e4 dxe4 11. Nxe4 Nxe4 12. Bxe7 Qxe7 13. Bxe4 Bd7 14. Rfe1
Rab8 15. d5 cxd5 16. cxd5 Qf6 17. Rad1 exd5 18. Bxd5 Rxe1+ 19. Rxe1 Be6 20. Be4
Rc8 21. Qa4 Qxb2 22. Qxa7 Qxa2 23. Qxa2 Bxa2 24. Bxb7 Rd8 25. h3 Be6 26. Kh2 h6
27. Re2 Rd6 28. Rd2 Rxd2 29. Nxd2 g6 30. Kg3 Kg7 31. f4 1/2-1/2

[Event "2. BUNDESLIGA MITTE 2014/2015"]
[Site "Fuerstenfeld"]
[Date "2015.04.19"]
[Round "11"]
[Board "3"]
[White "Weiss, Christian"]
[Black "Kravanja, Georg"]
[Result "1-0"]
[WhiteElo "2382"]
[BlackElo "2221"]
[PlyCount "85"]
[EventDate "2014.10.03"]
[EventType "team"]
[EventRounds "11"]
[EventCountry "AUT"]
[WhiteTeam "Union Ansfelden"]
[BlackTeam "Schachfreunde Graz"]

1. g3 Nf6 2. Bg2 d5 3. d3 c6 4. Nd2 e5 5. e4 Bg4 6. Ngf3 Bd6 7. h3 Bh5 8. O-O
O-O 9. Qe2 Nbd7 10. Rd1 Re8 11. c3 Bf8 12. Nf1 a5 13. g4 Bg6 14. Nh4 Nc5 15.
Nxg6 hxg6 16. Ng3 Ne6 17. g5 Nf4 18. Bxf4 exf4 19. gxf6 fxg3 20. fxg7 gxf2+ 21.
Qxf2 Bxg7 22. Rf1 Qd7 23. exd5 cxd5 24. d4 Re7 25. Qf3 Re4 26. Qg3 Re2 27. Rae1
Rxe1 28. Rxe1 Rd8 29. Qg5 Qd6 30. Bxd5 Bh6 31. Qxh6 Qxd5 32. Qh4 Rf8 33. a3 a4
34. Qf2 Kg7 35. Qe3 Kg8 36. Re2 Rc8 37. Kh2 Rc6 38. Qe8+ Kg7 39. Qe4 Qh5 40.
Rf2 Kg8 41. d5 Rd6 42. c4 f5 43. Qe7 1-0

[Event "2. BUNDESLIGA MITTE 2014/2015"]
[Site "Fuerstenfeld"]
[Date "2015.04.19"]
[Round "11"]
[Board "4"]
[White "Domarkaite, Laima"]
[Black "Mostbauer, Maximilian"]
[Result "0-1"]
[WhiteElo "2129"]
[BlackElo "2184"]
[PlyCount "72"]
[EventDate "2014.10.03"]
[EventType "team"]
[EventRounds "11"]
[EventCountry "AUT"]
[WhiteTeam "Schachfreunde Graz"]
[BlackTeam "Union Ansfelden"]

1. e4 e6 2. d4 d5 3. Nd2 Nf6 4. e5 Nfd7 5. Bd3 c5 6. c3 Nc6 7. Ne2 cxd4 8. cxd4
f6 9. exf6 Nxf6 10. Nf3 Bd6 11. O-O Qc7 12. Bg5 O-O 13. Bh4 Ng4 14. h3 Rxf3 15.
hxg4 Rf7 16. Qc2 g6 17. Rad1 Bd7 18. a3 Raf8 19. g5 Qd8 20. Bb5 a6 21. Bxc6
Bxc6 22. Rfe1 Rf5 23. Rd3 h6 24. g4 hxg5 25. gxf5 gxh4 26. Qd2 Rxf5 27. Rh3 Qf6
28. Qe3 e5 29. Rd1 e4 30. Kf1 g5 31. Ke1 g4 32. Ng1 gxh3 33. Nxh3 Rf3 34. Qe2
Bb5 35. Qc2 Bc6 36. Qd2 Rxh3 0-1

[Event "2. BUNDESLIGA MITTE 2014/2015"]
[Site "Fuerstenfeld"]
[Date "2015.04.19"]
[Round "11"]
[Board "5"]
[White "Knoll, Hermann"]
[Black "Kastner, Walter"]
[Result "0-1"]
[WhiteElo "2314"]
[BlackElo "2230"]
[PlyCount "190"]
[EventDate "2014.10.03"]
[EventType "team"]
[EventRounds "11"]
[EventCountry "AUT"]
[WhiteTeam "Union Ansfelden"]
[BlackTeam "Schachfreunde Graz"]

1. b3 d5 2. g3 Nf6 3. Bg2 g6 4. Bb2 Bg7 5. e3 Nc6 6. Ne2 O-O 7. d3 Re8 8. Nd2
a5 9. a3 e5 10. h3 Be6 11. O-O Qd7 12. Kh2 Rad8 13. Nf3 Qd6 14. Ra2 h6 15. Qa1
Nd7 16. d4 e4 17. Nd2 a4 18. b4 Ne7 19. c4 c6 20. Nc3 f5 21. c5 Qc7 22. Nxa4 g5
23. Nc3 f4 24. Ndxe4 dxe4 25. d5 cxd5 26. Nb5 Bxb2 27. Nxc7 Bxa1 28. Nxe6 Be5
29. Nxd8 Rxd8 30. Rd1 Nf6 31. exf4 gxf4 32. gxf4 Bxf4+ 33. Kh1 Nf5 34. a4 Nh4
35. a5 Kf7 36. Bf1 Nf3 37. Be2 Ne5 38. a6 bxa6 39. Bxa6 d4 40. b5 e3 41. fxe3
Bxe3 42. Bb7 d3 43. Ra8 Rxa8 44. Bxa8 Bxc5 45. Bg2 Ke6 46. Bf1 Ne4 47. Kg2 Nc3
48. Rxd3 Nxd3 49. Bxd3 Kf6 50. Kg3 Nd5 51. Kg4 Bb6 52. Be4 Ne3+ 53. Kh5 Kg7 54.
Bd3 Nd5 55. Kg4 Kf6 56. Be4 Ne7 57. Kh5 Kg7 58. Kg4 Nc8 59. Bd3 Nd6 60. Be2 Be3
61. Bd3 Kf6 62. Kf3 Bd2 63. Kg4 Ke5 64. Kf3 Kd4 65. Bf1 h5 66. Be2 Nf7 67. Kg3
Be1+ 68. Kf4 h4 69. Bf1 Bg3+ 70. Kf5 Nd6+ 71. Ke6 Kc5 72. Be2 Nc8 73. Bd1 Kd4
74. Kd7 Nb6+ 75. Kc6 Nd5 76. b6 Nb4+ 77. Kb5 Kc3 78. Be2 Nc2 79. Bg4 Kd4 80.
Kc6 Ne3 81. Be6 Ke5 82. Bb3 Ke4 83. b7 Kf3 84. Be6 Bf4 85. Kd7 Kg3 86. Kc8 Nd1
87. b8=Q Bxb8 88. Kxb8 Nf2 89. Kc7 Nxh3 90. Kd6 Nf2 91. Ke5 Ng4+ 92. Ke4 h3 93.
Bd5 Kf2 94. Ba8 Ne3 95. Kd3 Ng2 0-1